Szczegóły MARC21

Finanse przedsiębiorstw transportu morskiego : skrypt dla studentów kierunku ekonomika transportu morskiego /

003 -Nazwa inst., której nr kontr. jest w polu 001 [,]
    • @
    • Nazwa instytucji, której n kontrolny jest w polu 001
    • NUKAT
005 -DATA I CZAS OSTATNIEJ MODYFIKACJI [,]
    • @
    • pole kontrolne
    • 20241231115324.0
040 -Instytucja sporządzająca opis [ , ]
    • a
    • Instytucja, która sporządziła opis (NP)
    • GD U/AEK
    • c
    • Instytucja, która sporządziła rekord (NP)
    • GD U/AEK
    • d
    • Instytucja, która zmodyfikowała rekord (P)
    • GD U/AEKs
942 -Rodzaj dokumentu [ , ]
    • c
    • Rodzaj dokumentu
    • Książka
100 -Hasło główne - nazwa osobowa [1, ]
    • a
    • Nazwa osobowa (NP)
    • Falkiewicz, Rudolf
    • d
    • Daty biograficzne (NP)
    • (1928-1999).
    • 9
    • KHW
    • 41454
245 -Strefa tytułu i oznaczenia odpowiedzialności [1,0]
    • a
    • Tytuł
    • Finanse przedsiębiorstw transportu morskiego : Find
    • b
    • Ciąg dalszy tytułu (NP)
    • skrypt dla studentów kierunku ekonomika transportu morskiego / Find
    • c
    • Pozostałe elementy strefy tytułu i oznaczenia odpowiedzialności (NP)
    • Rudolf Falkiewicz ; Uniwersytet Szczeciński.
250 -Strefa wydania [ , ]
    • a
    • Oznaczenie wydania (NP)
    • Wyd. 2 zm.
260 -Strefa adresu wydawniczego [ , ]
    • a
    • Miejsce wydania (P)
    • Szczecin :
    • b
    • Nazwa wydawcy (P)
    • Wydawnictwa Naukowe US,
    • c
    • Data wydania (P)
    • 1989.
300 -Strefa opisu fizycznego [ , ]
    • a
    • Określenie formy książki i/lub objętość (NP)
    • 250 s. ;
    • c
    • Format (NP)
    • 24 cm.
336 -Typ zawartości [ , ]
    • a
    • Termin opisujący typ zawartości
    • Tekst
    • b
    • Kod określający zawartość
    • txt
    • 2
    • Źródło (terminu i kodu)
    • rdacontent
337 -Typ mediów [ , ]
    • a
    • Tryb odtwarzania
    • Bez urządzenia pośredniczącego
    • b
    • Kod typu mediów
    • n
    • 2
    • Źródło (terminu i kodu)
    • rdamedia
338 -Typ/rodzaj nośnika [ , ]
    • a
    • Hasło opisujące typ nośnika
    • Wolumin
    • b
    • Kod typu nośnika
    • nc
    • 2
    • Źródło (terminu i kodu)
    • rdacarrier
500 -Uwaga ogólna [ , ]
    • a
    • Uwaga ogólna (NP)
    • Na s. red. ISSN 0860-2751.
504 -Uwaga dot. bibliogr. załącznikowej [ , ]
    • a
    • Uwaga dot. bibliografii załącznikowej
    • Bibliogr. s. 248-250.
080 -Uniwersalna Klasyfikacja Dziesiętna [ , ]
    • a
    • Symbol klasyfikacji
    • 656.6(075.8)
080 -Uniwersalna Klasyfikacja Dziesiętna [ , ]
    • a
    • Symbol klasyfikacji
    • :658.14(075.8)
650 -Hasło przedmiotowe [ ,7]
    • a
    • Hasło przedmiotowe
    • Transport morski
    • x
    • Określnik rzeczowy
    • aspekt ekonomiczny
    • v
    • Określnik formalny
    • podręczniki akademickie.
    • 2
    • Źródło terminu
    • kaba
    • 9
    • KHW
    • 365533
980 -Symbol UKD [ , ]
    • a
    • UKD
    • 656.6:658.14](075.8)
Lokalizacja Data inwentaryzacji Status udost. Numer inwentarzowy
BE1996-10-03-2E.59020
BE1996-10-03-6S.74070
BE1996-10-03-6S.68510
BE1996-10-032S.68524
BE1996-10-032S.79230
BE1996-10-032S.79231
BE1996-10-032S.79232
BE1996-10-032S.79233
BE1998-05-152S.82147
BE2001-02-15-2E.67610
BE2001-02-15-2E.67611
T1996-10-03-11TS.73700
T1996-10-03-11TS.71991
T1996-10-03-11TS.71992
T1996-10-03-11TS.71993
T1996-10-03-11TS.68497
T1996-10-03-11TS.68498
T1996-10-03-11TS.68499
T1996-10-03-11TS.68500
T1996-10-03-11TS.68501
T1996-10-03-11TS.68502
T1996-10-03-11TS.68503
T1996-10-03-11TS.68504
T1996-10-03-11TS.68505
T1996-10-03-11TS.74063
T1996-10-03-11TS.74064
T1996-10-03-11TS.74065
T1996-10-03-11TS.74066
T1996-10-03-11TS.74067
T1996-10-03-11TS.74068
T1996-10-03-11TS.74069
T1996-10-03-11TS.74071
T1996-10-03-11TS.74072
T1996-10-03-11TS.74073
T1996-10-03-11TS.74074
T1996-10-03-11TS.74075
T1996-10-03-11TS.74076
T1996-10-03-11TS.68506
T1996-10-03-11TS.68507
T1996-10-03-11TS.68508
T1996-10-03-11TS.68509
T1996-10-03-11TS.68511
T1996-10-03-11TS.68512
T1996-10-03-11TS.68513
T1996-10-03-11TS.68514
T1996-10-03-11TS.68515
T1996-10-03-11TS.68516
T1996-10-03-11TS.68517
T1996-10-03-11TS.68518
T1996-10-03-11TS.68519
T1996-10-03-11TS.68520
T1996-10-03-11TS.68521
T1996-10-03-11TS.68522
T1996-10-03-11TS.68523
T1996-10-03-11TS.68525
T1996-10-03-11TS.68526
T1996-10-03-11TS.68527
T1996-10-03-11TS.68528
T1996-10-03-11TS.68529
T1996-10-03-11TS.68530
T1996-10-03-11TS.68531
T1996-10-03-11TS.68532
T1996-10-03-11TS.68533
T1996-10-03-11TS.68534
T1996-10-03-11TS.68535
T1996-10-03-11TS.68536
T1996-10-03-11TS.68537
T1996-10-03-11TS.68538
T1996-10-03-11TS.68539
T1996-10-03-11TS.68540
T1996-10-03-11TS.68541
T1996-10-03-11TS.68542
T1996-10-03-11TS.68543
T1996-10-03-11TS.68544
T1996-10-03-11TS.68545
T1996-10-03-3TS.79234